00331nam a2200133Ia 45000030006000000080041000060400015000471000022000622450042000842600038001263000006001645460010001700050017001800STCL150530s9999 xx 000 0 und d aSTCLcSTCL aSabha Pati Mishra aHindi Natya Sahitya Men Hasya Vyangya bSahitya Rethnalaya ; kanpurc1978 a0 aHindi20220125171256.0